000 00765nam a22002777a 4500
001 79475
003 UA-OsUOA
005 20210831155943.0
007 ta
008 20111109b un ||||| |||| 00| 0 ukr d
020 _a5325005979
040 _aUA-OsUOA
_bukr
_cUA-OsUOA
_dUA-OsUOA
041 _aukr
044 _aUA
080 _a941 (477)
090 _a941 (477)
_bП52
100 _aПолонська-Василенко Н.
245 _aІсторія України: у 2 т.
260 _aКиїв
_bЛибідь
_c1993
300 _a608 с.
505 _gТ. 2
650 7 _a9 Географія. Біографії. Історія
_2UDC
942 _cBK
_2udc
955 _a2
999 _c365809
_d365809